| 000 | 00710nam a2200253Ia 4500 | ||
|---|---|---|---|
| 003 | OSt | ||
| 005 | 20220925215519.0 | ||
| 006 | a|||||r|||| 00| 0 | ||
| 007 | ta | ||
| 008 | 220923b |||||||| |||| 00| 0 eng d | ||
| 020 | _a0091629217 | ||
| 037 | _cGeneral Book | ||
| 040 |
_aRTL _cRTL _beng |
||
| 041 |
_2eng _aeng |
||
| 082 | _aY:3(P), M5 | ||
| 100 | _aInnis Robert E Ed. | ||
| 245 | 0 |
_aSemiotics _b An introductory reader/anthology |
|
| 260 |
_aLondon _bHutchinson _c1985 |
||
| 300 |
_axvi, 331p _ccm. |
||
| 500 | _aBibliography chapterwise | ||
| 650 |
_aSociology of Language _9231513 |
||
| 942 |
_hY:3(P), M5 _cGB _2CC |
||
| 999 |
_c568996 _d568996 |
||